[Event "Ruhrgebiet Verbandsklasse Gruppe 3 1819"]
[Site "Nordrheinwestfalen"]
[Date "2019.02.03"]
[Round "6.6"]
[White "Belitz, Marco"]
[Black "Petri, Norbert"]
[Result "0-1"]
[WhiteElo "1815"]
[BlackElo "1864"]
[PlyCount "52"]
[EventDate "2018.09.23"]
[EventType "team-tourn"]
[EventRounds "9"]
[EventCountry "GER"]
[SourceTitle "EXT 2022"]
[Source "ChessBase"]
[SourceDate "2021.10.06"]
[SourceVersion "1"]
[SourceVersionDate "2021.10.06"]
[SourceQuality "1"]
[WhiteTeam "Kirchhellen SF"]
[BlackTeam "Essen Listiger Bauer"]
[WhiteTeamCountry "GER"]
[BlackTeamCountry "GER"]

1. e4 d6 2. d4 Nf6 3. Nc3 g6 4. Be3 Bg7 5. f3 c6 6. Qd2 h5 7. 0-0-0 b5 8. Kb1 a6 9. Nh3 Bxh3 10. gxh3 Nbd7 11. Bg2 Nb6 12. Bg5 0-0 13. f4 Nc4 14. Qe2 Qa5 15. Rd3 e6 16. f5 b4 17. Nd1 exf5 18. exf5 Qxf5 19. Rg3 d5 20. Rf1 Qe6 21. Qd3 Ne4 22. Bxe4 dxe4 23. Qe2 Bxd4 24. Bh6 Bg7 25. Bxg7 Kxg7 26. Qxh5 Nd2+ 0-1

[Event "Ruhrgebiet Verbandsklasse Gruppe 3 1819"]
[Site "Nordrheinwestfalen"]
[Date "2018.11.04"]
[Round "3.5"]
[White "Drewes, Martin"]
[Black "Petri, Norbert"]
[Result "1-0"]
[WhiteElo "1934"]
[BlackElo "1864"]
[PlyCount "41"]
[EventDate "2018.09.23"]
[EventType "team-tourn"]
[EventRounds "9"]
[EventCountry "GER"]
[SourceTitle "EXT 2022"]
[Source "ChessBase"]
[SourceDate "2021.10.06"]
[SourceVersion "1"]
[SourceVersionDate "2021.10.06"]
[SourceQuality "1"]
[WhiteTeam "Waltrop SV"]
[BlackTeam "Essen Listiger Bauer"]
[WhiteTeamCountry "GER"]
[BlackTeamCountry "GER"]

1. e4 d6 2. d4 Nf6 3. Nc3 g6 4. g3 Bg7 5. Bg2 0-0 6. Nge2 e5 7. 0-0 Nc6 8. h3 exd4 9. Nxd4 Nxd4 10. Qxd4 Re8 11. Qd3 Be6 12. Be3 h6 13. Rad1 Qe7 14. Rfe1 Kh7 15. Kh2 Rad8 16. f4 a6 17. Bf2 Bc8 18. g4 b6 19. Qc4 a5 20. Qc6 Qd7 21. e5 1-0

[Event "Ruhrgebiet Verbandsliga Gruppe 2 1617"]
[Site "Germany"]
[Date "2016.10.30"]
[Round "3.6"]
[White "Baumeister, Christoph"]
[Black "Petri, Norbert"]
[Result "1/2-1/2"]
[WhiteElo "1910"]
[BlackElo "1868"]
[PlyCount "45"]
[EventDate "2016.09.04"]
[EventType "team-tourn"]
[EventRounds "9"]
[EventCountry "GER"]
[SourceTitle "EXT 2022"]
[Source "ChessBase"]
[SourceDate "2021.10.06"]
[SourceVersion "1"]
[SourceVersionDate "2021.10.06"]
[SourceQuality "1"]
[WhiteTeam "Sodingen/Castrop SK II"]
[BlackTeam "Essen Listiger Bauer"]
[WhiteTeamCountry "GER"]
[BlackTeamCountry "GER"]

1. e4 d5 2. exd5 Nf6 3. d4 Nxd5 4. Nf3 g6 5. c4 Nb6 6. Be2 Bg7 7. 0-0 0-0 8. h3 Nc6 9. Be3 e5 10. d5 e4 11. Nd4 Ne5 12. Qc2 f5 13. f4 exf3 14. Nxf3 Nxf3+ 15. Bxf3 Qh4 16. Na3 Nd7 17. Nb5 Be5 18. Kh1 a6 19. Na3 Nf6 20. Rae1 Qg3 21. Bg1 Bd7 22. c5 Rae8 23. Nc4 1/2-1/2

[Event "Ruhrgebiet Verbandsklasse Gruppe 1 1516"]
[Site "Germany"]
[Date "2016.01.24"]
[Round "6.6"]
[White "Petri, Norbert"]
[Black "Berke, Martin"]
[Result "1-0"]
[WhiteElo "1868"]
[BlackElo "1816"]
[PlyCount "113"]
[EventDate "2015.09.06"]
[EventType "team-tourn"]
[EventRounds "9"]
[EventCountry "GER"]
[SourceTitle "EXT 2022"]
[Source "ChessBase"]
[SourceDate "2021.10.06"]
[SourceVersion "1"]
[SourceVersionDate "2021.10.06"]
[SourceQuality "1"]
[WhiteTeam "Essen Listiger Bauer"]
[BlackTeam "Welper SV II"]
[WhiteTeamCountry "GER"]
[BlackTeamCountry "GER"]

1. c4 e5 2. Nc3 Nf6 3. g3 d5 4. cxd5 Nxd5 5. Bg2 Nb6 6. d3 Be7 7. Be3 Nc6 8. Nf3 Be6 9. 0-0 f6 10. Rc1 Qd7 11. Ne4 Nd4 12. Bxd4 exd4 13. Qc2 0-0-0 14. Nxd4 c6 15. Nxe6 Qxe6 16. a3 Kb8 17. b4 h5 18. b5 Rc8 19. Nc5 Bxc5 20. Qxc5 cxb5 21. Qxb5 Rxc1 22. Rxc1 Qxe2 23. a4 Qe8 24. Rb1 Qxb5 25. Rxb5 Rc8 26. Bf3 Rc7 27. a5 Nd7 28. Rxh5 Ne5 29. Be4 Rd7 30. Rh8+ Kc7 31. Bf5 Rd8 32. Rh7 Rg8 33. Be6 Rd8 34. Rxg7+ Kc6 35. Bf5 Nxd3 36. Be4+ Kb5 37. Rxb7+ Ka6 38. Rf7 Rd6 39. h4 Nc5 40. Bf3 Nb3 41. Be2+ Kxa5 42. Rxa7+ Kb4 43. Kg2 Kc5 44. Ra6 Rd2 45. Bg4 Rd6 46. Rxd6 Kxd6 47. Kf3 Ke5 48. Ke3 f5 49. Bd1 Nc5 50. Bc2 Ne6 51. f4+ Kf6 52. h5 Ng7 53. h6 Nh5 54. Kf3 Kg6 55. g4 Nf6 56. Bxf5+ Kxh6 57. g5+ 1-0

[Event "Ruhrgebiet Verbandsklasse Gruppe 1 1516"]
[Site "Germany"]
[Date "2015.11.29"]
[Round "4.6"]
[White "Petri, Norbert"]
[Black "Bals, Jochen"]
[Result "1/2-1/2"]
[WhiteElo "1868"]
[BlackElo "1825"]
[PlyCount "28"]
[EventDate "2015.09.06"]
[EventType "team-tourn"]
[EventRounds "9"]
[EventCountry "GER"]
[SourceTitle "EXT 2022"]
[Source "ChessBase"]
[SourceDate "2021.10.06"]
[SourceVersion "1"]
[SourceVersionDate "2021.10.06"]
[SourceQuality "1"]
[WhiteTeam "Essen Listiger Bauer"]
[BlackTeam "Kamen SV II"]
[WhiteTeamCountry "GER"]
[BlackTeamCountry "GER"]

1. c4 Nf6 2. Nc3 e6 3. e4 d6 4. d4 Nbd7 5. Nf3 e5 6. g3 Be7 7. h3 0-0 8. Bg2 b6 9. 0-0 Bb7 10. Re1 Re8 11. b3 Bf8 12. Bb2 Rb8 13. Qc2 g6 14. Rad1 Bg7 1/2-1/2

[Event "Ruhrgebiet Verbandsklasse Gruppe 1 1415"]
[Site "Germany"]
[Date "2015.02.08"]
[Round "6"]
[White "Petri, Norbert"]
[Black "Rumpf, Thomas"]
[Result "1/2-1/2"]
[WhiteElo "1863"]
[BlackElo "2028"]
[PlyCount "38"]
[EventDate "2014.09.21"]
[EventType "team-tourn"]
[EventRounds "9"]
[EventCountry "GER"]
[SourceTitle "EXT 2022"]
[Source "ChessBase"]
[SourceDate "2021.10.06"]
[SourceVersion "1"]
[SourceVersionDate "2021.10.06"]
[SourceQuality "1"]
[WhiteTeam "Essen Listiger Bauer"]
[BlackTeam "Dortmund Hansa III"]
[WhiteTeamCountry "GER"]
[BlackTeamCountry "GER"]

1. c4 e6 2. e4 d5 3. cxd5 exd5 4. exd5 Nf6 5. Nc3 Nxd5 6. d4 Bb4 7. Bd2 Nc6 8. Nf3 0-0 9. Be2 Nb6 10. a3 Be7 11. Be3 Be6 12. 0-0 Bd5 13. Nxd5 Qxd5 14. Rc1 Rad8 15. Qd2 Rd7 16. Rfd1 Rfd8 17. b4 a6 18. Qc2 Bf6 19. h3 h6 1/2-1/2

[Event "Ruhrgebiet Verbandsklasse Gruppe 1 1415"]
[Site "Germany"]
[Date "2015.01.18"]
[Round "5.7"]
[White "Matthies, Jochen"]
[Black "Petri, Norbert"]
[Result "1/2-1/2"]
[WhiteElo "1762"]
[BlackElo "1864"]
[PlyCount "69"]
[EventDate "2014.09.21"]
[EventType "team-tourn"]
[EventRounds "9"]
[EventCountry "GER"]
[SourceTitle "EXT 2022"]
[Source "ChessBase"]
[SourceDate "2021.10.06"]
[SourceVersion "1"]
[SourceVersionDate "2021.10.06"]
[SourceQuality "1"]
[WhiteTeam "Oberhausen SW"]
[BlackTeam "Essen Listiger Bauer"]
[WhiteTeamCountry "GER"]
[BlackTeamCountry "GER"]

1. d4 d5 2. Nf3 e6 3. e3 c5 4. b3 Nc6 5. Bb2 Nf6 6. Bd3 Be7 7. 0-0 0-0 8. a3 a6 9. dxc5 Bxc5 10. c4 h5 11. b4 Ba7 12. Nbd2 dxc4 13. Nxc4 b5 14. Nce5 Nxe5 15. Nxe5 Bb7 16. Qe2 Rc8 17. Rfd1 Qe7 18. Rac1 Rfd8 19. Rxc8 Rxc8 20. h3 Nd5 21. Bb1 Qg5 22. Nf3 Qe7 23. Ne5 Bb8 24. Qd3 f5 25. e4 Nf6 26. exf5 Be4 27. Qe3 exf5 28. Ba2+ Kh7 29. Nf3 Qa7 30. Bd4 Qc7 31. Be5 Qc2 32. Bb3 Qc6 33. Bxb8 Rxb8 34. Rc1 Qb6 35. Qxb6 1/2-1/2

[Event "NRW Verbandsliga Group1 1314"]
[Site "Nordrheinwestfalen"]
[Date "2014.02.16"]
[Round "7"]
[White "Petri, Norbert"]
[Black "Funke, Eckhard"]
[Result "1/2-1/2"]
[WhiteElo "1861"]
[BlackElo "1821"]
[PlyCount "47"]
[EventDate "2013.09.08"]
[EventType "team-tourn"]
[EventRounds "9"]
[EventCountry "GER"]
[SourceTitle "EXT 2020"]
[Source "ChessBase"]
[SourceDate "2019.10.17"]
[SourceVersion "1"]
[SourceVersionDate "2019.10.17"]
[SourceQuality "1"]
[WhiteTeam "Listiger Bauer Essen"]
[BlackTeam "Hoentrop SG"]
[WhiteTeamCountry "GER"]
[BlackTeamCountry "GER"]

1. c4 Nf6 2. Nc3 d5 3. cxd5 Nxd5 4. g3 g6 5. Bg2 Nxc3 6. bxc3 Bg7 7. Qc2 Nd7 8. Nf3 0-0 9. 0-0 Rb8 10. a4 a5 11. Rb1 Nb6 12. Nd4 Bd7 13. Nb5 c6 14. Nd4 e5 15. Nf3 c5 16. Ra1 Qe8 17. Ba3 Nxa4 18. d4 exd4 19. cxd4 Bf5 20. Qd2 b6 21. Rac1 Qe7 22. dxc5 Nxc5 23. Bxc5 bxc5 24. Qxa5 1/2-1/2

[Event "NRW Verbandsliga Group1 1314"]
[Site "Nordrheinwestfalen"]
[Date "2013.11.03"]
[Round "3"]
[White "Winzbeck, Frank"]
[Black "Petri, Norbert"]
[Result "1-0"]
[WhiteElo "1864"]
[BlackElo "1861"]
[PlyCount "49"]
[EventDate "2013.09.08"]
[EventType "team-tourn"]
[EventRounds "9"]
[EventCountry "GER"]
[SourceTitle "EXT 2020"]
[Source "ChessBase"]
[SourceDate "2019.10.17"]
[SourceVersion "1"]
[SourceVersionDate "2019.10.17"]
[SourceQuality "1"]
[WhiteTeam "Gladbeck SG"]
[BlackTeam "Listiger Bauer Essen"]
[WhiteTeamCountry "GER"]
[BlackTeamCountry "GER"]

1. d4 d5 2. c4 e6 3. Nf3 c5 4. cxd5 exd5 5. Nc3 Nc6 6. dxc5 d4 7. Ne4 Bxc5 8. Nxc5 Qa5+ 9. Bd2 Qxc5 10. g3 Bg4 11. Bg2 Nf6 12. 0-0 0-0 13. h3 Bh5 14. g4 Bg6 15. b4 Qb6 16. a4 a6 17. Qb3 Ne4 18. b5 Rfe8 19. Rfe1 Rad8 20. Rac1 h5 21. Bf4 hxg4 22. hxg4 Nc3 23. Kf1 axb5 24. axb5 Qxb5 25. Rxc3 1-0

[Event "Ruhrgebiet VK3 1213"]
[Site "Nordrheinwestfalen"]
[Date "2013.02.24"]
[Round "7.7"]
[White "Petri, Norbert"]
[Black "Thiemann, Sebastian"]
[Result "0-1"]
[WhiteElo "1882"]
[BlackElo "1827"]
[PlyCount "66"]
[EventDate "2012.09.02"]
[EventType "team-tourn"]
[EventRounds "9"]
[EventCountry "GER"]
[SourceTitle "EXT 2020"]
[Source "ChessBase"]
[SourceDate "2019.10.17"]
[SourceVersion "1"]
[SourceVersionDate "2019.10.17"]
[SourceQuality "1"]
[WhiteTeam "Listiger Bauer Essen"]
[BlackTeam "Unser Fritz"]
[WhiteTeamCountry "GER"]
[BlackTeamCountry "GER"]

1. c4 f5 2. Nc3 Nf6 3. g3 g6 4. Bg2 c5 5. e3 Bg7 6. Nge2 Nc6 7. 0-0 0-0 8. a3 d6 9. Rb1 Be6 10. b3 Bf7 11. f4 Qd7 12. d4 cxd4 13. exd4 d5 14. c5 Ne4 15. Be3 b6 16. b4 bxc5 17. bxc5 Rfb8 18. Qc2 Qe6 19. Bxe4 fxe4 20. Kg2 h5 21. h3 Bf6 22. Rxb8+ Rxb8 23. Rb1 Rxb1 24. Qxb1 Qd7 25. Nd1 Be6 26. Nf2 Qc8 27. Qb5 Bd7 28. Qb3 e6 29. Nd1 Qa6 30. Ndc3 Qd3 31. Bf2 Qf3+ 32. Kg1 e3 33. Be1 Nxd4 0-1

[Event "Ruhrgebiet VK1 0405"]
[Site "Ruhrgebiet"]
[Date "2005.01.09"]
[Round "5.4"]
[White "Schaper, Steffen"]
[Black "Petri, Norbert"]
[Result "1-0"]
[WhiteElo "1895"]
[BlackElo "1881"]
[PlyCount "103"]
[EventDate "2004.09.12"]
[EventType "team-tourn"]
[EventRounds "9"]
[EventCountry "GER"]
[SourceTitle "EXT 2006"]
[Source "ChessBase"]
[SourceDate "2005.11.24"]
[SourceVersion "1"]
[SourceVersionDate "2005.11.24"]
[SourceQuality "1"]
[WhiteTeam "Bochum-Linden"]
[BlackTeam "Essen West II"]
[WhiteTeamCountry "GER"]
[BlackTeamCountry "GER"]

1. e4 d5 2. exd5 Nf6 3. Nc3 Nxd5 4. Bc4 Nb6 5. Bb3 c5 6. d3 Nc6 7. Nge2 Bg4 8. f3 Bh5 9. 0-0 e6 10. Ng3 Bg6 11. f4 Be7 12. f5 exf5 13. Nxf5 0-0 14. Nxe7+ Qxe7 15. Bf4 Nd4 16. Qd2 Nxb3 17. axb3 a6 18. Rae1 Qd7 19. Qf2 Rac8 20. Ne4 Bxe4 21. Rxe4 Nd5 22. Bd2 b6 23. b4 cxb4 24. Bxb4 Nxb4 25. Rxb4 b5 26. Rd4 Qa7 27. c3 Rc6 28. Rd5 Qb7 29. Qd4 Rg6 30. g3 Qe7 31. Re5 Qc7 32. Rfe1 h6 33. R1e3 Qa5 34. c4 Qb4 35. Rd5 bxc4 36. dxc4 Rc6 37. b3 a5 38. Qc3 Qxc3 39. Rxc3 a4 40. bxa4 Ra8 41. a5 Rca6 42. Ra3 Rc8 43. Ra4 Kf8 44. Kf2 Ke7 45. Ke3 Rcc6 46. Kd4 Rc7 47. Kc3 Rcc6 48. Kb4 Re6 49. Ra2 Ra8 50. Ra3 Ra7 51. Rb5 Raa6 52. Rb7+ 1-0

[Event "Ruhrgebiet VK1 0405"]
[Site "Ruhrgebiet"]
[Date "2004.10.10"]
[Round "2.5"]
[White "Petri, Norbert"]
[Black "Ratzmann, Stefan"]
[Result "1-0"]
[WhiteElo "1881"]
[BlackElo "1896"]
[PlyCount "53"]
[EventDate "2004.09.12"]
[EventType "team-tourn"]
[EventRounds "9"]
[EventCountry "GER"]
[SourceTitle "EXT 2006"]
[Source "ChessBase"]
[SourceDate "2005.11.24"]
[SourceVersion "1"]
[SourceVersionDate "2005.11.24"]
[SourceQuality "1"]
[WhiteTeam "Essen West II"]
[BlackTeam "Oberhausen II"]
[WhiteTeamCountry "GER"]
[BlackTeamCountry "GER"]

1. c4 f5 2. Nc3 Nf6 3. g3 d6 4. Bg2 g6 5. e3 e5 6. Nge2 Bg7 7. 0-0 0-0 8. b4 c6 9. d3 Qe8 10. Rb1 g5 11. f4 exf4 12. exf4 g4 13. Re1 Qf7 14. b5 Qc7 15. bxc6 bxc6 16. Be3 a6 17. Na4 a5 18. Nd4 Ra6 19. Bf2 Bd7 20. Nb5 cxb5 21. cxb5 Bxb5 22. Rxb5 d5 23. Nc5 Ra8 24. Rb7 Qc6 25. Re6 Qc8 26. Ree7 Bh6 27. Rbc7 1-0

[Event "Ruhrgebiet VK1 0304"]
[Site "Ruhrgebiet"]
[Date "2003.09.28"]
[Round "1.5"]
[White "Straenger, Petra"]
[Black "Petri, Norbert"]
[Result "1/2-1/2"]
[WhiteElo "1855"]
[BlackElo "1913"]
[PlyCount "32"]
[EventDate "2003.09.28"]
[EventType "team-tourn"]
[EventRounds "9"]
[EventCountry "GER"]
[SourceTitle "EXT 2007"]
[Source "ChessBase"]
[SourceDate "2006.11.23"]
[SourceVersion "1"]
[SourceVersionDate "2006.11.23"]
[SourceQuality "1"]
[WhiteTeam "Muelheim Heissen"]
[BlackTeam "Essen Listiger Bauer"]
[WhiteTeamCountry "GER"]
[BlackTeamCountry "GER"]

1. d4 d5 2. Nf3 e6 3. g3 c5 4. Bg2 Nc6 5. 0-0 Nf6 6. b3 Be7 7. Bb2 Ne4 8. Nbd2 Bf6 9. c3 Nxd2 10. Qxd2 cxd4 11. cxd4 0-0 12. Rac1 Bd7 13. Rc2 Qb6 14. Ba3 Rfc8 15. e3 Qa5 16. Bd6 Qxd2 1/2-1/2

[Event "Ruhrgebiet VK1 0001"]
[Site "Ruhrgebiet"]
[Date "2001.05.13"]
[Round "9"]
[White "Beierlein, Martin"]
[Black "Petri, Norbert"]
[Result "1/2-1/2"]
[WhiteElo "1912"]
[BlackElo "1891"]
[PlyCount "58"]
[EventDate "2000.09.17"]
[EventType "team-tourn"]
[EventRounds "9"]
[EventCountry "GER"]
[SourceTitle "EXT 2023"]
[Source "ChessBase"]
[SourceDate "2022.10.05"]
[SourceVersion "1"]
[SourceVersionDate "2022.10.05"]
[SourceQuality "1"]
[WhiteTeam "Oberhausen II"]
[BlackTeam "Essen Listiger Bauer"]
[WhiteTeamCountry "GER"]
[BlackTeamCountry "GER"]

1. e4 d6 2. d4 Nf6 3. Bd3 c5 4. Nf3 c4 5. Bxc4 Nxe4 6. 0-0 d5 7. Bd3 Nf6 8. Ne5 Nc6 9. Bb5 Qb6 10. c4 e6 11. Nc3 dxc4 12. d5 exd5 13. Bg5 Bb4 14. Bxf6 Bxc3 15. Bxc6+ bxc6 16. Bxg7 Bxe5 17. Re1 Be6 18. Rxe5 Rg8 19. Rg5 0-0-0 20. b3 cxb3 21. axb3 Kb7 22. b4 d4 23. Qd2 Rd5 24. Rg3 d3 25. Bh6 Rxg3 26. hxg3 Qb5 27. Be3 a6 28. Qc3 Rd7 29. Rc1 Rd8 1/2-1/2